| 000 | 00329nam a22001337a 4500 | ||
|---|---|---|---|
| 003 | SGT | ||
| 082 |
_a615.538 _bA02S |
||
| 100 | _aSHUKLA.S.V | ||
| 245 | _aAYURVEDA DARSAN FOR THE USEFUL PORTION OF CARAKA SUSRUTA AND VAGBHATA | ||
| 260 |
_aVARANASI _bCHAUKHAMBHA PUB _c2002 |
||
| 300 | _a154 | ||
| 650 | _aAYURVEDA | ||
| 942 |
_2ddc _cBK |
||
| 999 |
_c8589 _d8589 |
||